LIBRARY & INFORMATION CENTRE, KCAET, TAVANUR

ONLINE PUBLIC ACCESS CATALOGUE (OPAC)

Elementry civics / (Record no. 11987)

MARC details
000 -LEADER
fixed length control field 00335cam a2200145ua 4500
041 ## - LANGUAGE CODE
Language code of text/sound track or separate title eng
082 ## - DEWEY DECIMAL CLASSIFICATION NUMBER
Classification number 320.4
Item number MAL/EL
100 ## - MAIN ENTRY--AUTHOR NAME
Personal name Mallik, B R.
245 ## - TITLE STATEMENT
Title Elementry civics /
260 ## - PUBLICATION, DISTRIBUTION, ETC. (IMPRINT)
Place of publication :
Name of publisher S.Chand & Sons ,
Year of publication 1946.
300 ## - PHYSICAL DESCRIPTION
Number of Pages 172 ; .
942 ## - ADDED ENTRY ELEMENTS (KOHA)
Koha item type Books
Holdings
Withdrawn status Lost status Damaged status Home library Current library Date acquired Full call number Accession Number Koha item type
Withdrawn     KAUAET Malayalam University 07/04/2012 320.4 4594 Books
Withdrawn     KAUAET Sanskrit University 27/01/2021 320.4 MAL/EL 4595 Books
free website counter